|
|
|
|
| LEADER |
00000nam0a2200000 4500 |
| 001 |
352092 |
| 005 |
20231102010451.0 |
| 035 |
|
|
|a (RuTPU)RU\TPU\retro\8291
|
| 090 |
|
|
|a 352092
|
| 100 |
|
|
|a 20191118d1919 m y0rusy50 ca
|
| 101 |
0 |
|
|a rus
|
| 102 |
|
|
|a RU
|
| 105 |
|
|
|a a z 001zb
|
| 200 |
1 |
|
|a Фердинанд Лассаль
|e биографический очерк
|f сост. Э. Бернштейн
|
| 210 |
|
|
|a Петроград
|c Петроградский Совет Рабочих и Красноармейских Депутатов
|d 1919
|
| 215 |
|
|
|a 116 с.
|
| 600 |
|
1 |
|a Лассаль
|b Ф.
|c немецкий философ
|f 1825-1864
|g Фердинанд
|2 stltpush
|3 (RuTPU)RU\TPU\pers\9289
|9 1844
|
| 606 |
1 |
|
|a Деятели политические и государственные в Германии
|x Персоналии
|2 stltpush
|3 (RuTPU)RU\TPU\subj\70519
|9 84757
|
| 606 |
1 |
|
|a Немецкая философия
|z 17 - 1 пол. 19 в.
|2 stltpush
|3 (RuTPU)RU\TPU\subj\45372
|9 64616
|
| 610 |
1 |
|
|a гегельянство
|
| 610 |
1 |
|
|a социально-политические взгляды
|
| 610 |
1 |
|
|a философские труды
|
| 610 |
1 |
|
|a социал-демократическое движение
|
| 610 |
1 |
|
|a Всеобщий Германский рабочий союз
|
| 610 |
1 |
|
|a Германия
|
| 610 |
1 |
|
|a 19 век
|
| 610 |
1 |
|
|a биографии
|
| 686 |
|
|
|a Т3(4Гем)
|v LBC/SL-A
|2 rubbk
|
| 686 |
|
|
|a Ю3(4Г)5
|2 rubbk
|
| 702 |
|
1 |
|a Бернштейн
|b Э.
|c немецкий социал-демократ
|c один из лидеров германской социал-демократии и II Интернационала
|f 1850-1932
|g Эдуард
|2 stltpush
|3 (RuTPU)RU\TPU\pers\14346
|4 220
|9 4739
|
| 801 |
|
1 |
|a RU
|b 63413507
|c 20191118
|
| 801 |
|
2 |
|a RU
|b 63413507
|c 20191118
|g RCR
|
| 942 |
|
|
|c BK
|